|
|
|
|
| LEADER |
00000cam a2200000 7i4500 |
| 001 |
0000002013 |
| 002 |
000002199 |
| 005 |
20090603.0 |
| 020 |
|
|
|a T000000238
|
| 090 |
0 |
0 |
|a 297.55
|b TEN
|
| 100 |
0 |
|
|a Tengku Mohd Fouzy Tengku Mahid Jumat
|f Ustaz
|
| 245 |
1 |
0 |
|a Manasik haji & umrah mengikut Al-Quran & sunnah
|c Ustaz Tengku Mohd.Fouzy Tengku Mahid Jumat
|
| 260 |
|
|
|a Singapura :
|b s.n. ,
|c 1992
|
| 650 |
0 |
0 |
|a Hajj
|
| 650 |
0 |
0 |
|a Pilgrims and pilgrimage
|
| 999 |
|
|
|a 034551
|b BUKU
|c PINJAMAN
|e PERPUSTAKAAN KOMUNITI PETALING JAYA
|
| 999 |
|
|
|a 034552
|b BUKU
|c PINJAMAN
|e PERPUSTAKAAN KOMUNITI PETALING JAYA
|